Ground-water resources of Pennsylvania, (Record no. 27724)

MARC details
000 -LEADER
fixed length control field 01163cam a22002891 4500
001 - CONTROL NUMBER
control field gs 41000114
003 - CONTROL NUMBER IDENTIFIER
control field DLC
005 - DATE AND TIME OF LATEST TRANSACTION
control field 20260227111346.0
008 - FIXED-LENGTH DATA ELEMENTS--GENERAL INFORMATION
fixed length control field 780208s1941 paub s000 0 eng c
010 ## - LIBRARY OF CONGRESS CONTROL NUMBER
LC control number gs 41000114
035 ## - SYSTEM CONTROL NUMBER
System control number (OCoLC)3616593
040 ## - CATALOGING SOURCE
Original cataloging agency U.S. Geol. Survey Libr.
Transcribing agency NcRS
Modifying agency NcRS
-- OCoLC
-- DLC
042 ## - AUTHENTICATION CODE
Authentication code premarc
050 00 - LIBRARY OF CONGRESS CALL NUMBER
Classification number GB1025.P4
Item number L624
082 ## - DEWEY DECIMAL CLASSIFICATION NUMBER
Classification number 551.4909748
086 0# - GOVERNMENT DOCUMENT CLASSIFICATION NUMBER
Classification number PY G345/4.3 W7
Number source padocs
100 1# - MAIN ENTRY--PERSONAL NAME
Personal name Lohman, Stanley William,
Dates associated with a name 1907-
245 10 - TITLE STATEMENT
Title Ground-water resources of Pennsylvania,
Statement of responsibility, etc. by Stanley W. Lohman. Prepared in cooperation between the Geological Survey, United States Department of the Interior, and the Pennsylvania Topographic and Geologic Survey.
260 ## - PUBLICATION, DISTRIBUTION, ETC.
Place of publication, distribution, etc. Harrisburg, Pa.,
Name of publisher, distributor, etc. Dept. of Internal Affairs, Topographic and Geologic Survey,
Date of publication, distribution, etc. 1941.
300 ## - PHYSICAL DESCRIPTION
Extent vi, 32 p.
Other physical details fold. map
Dimensions 24 cm.
490 1# - SERIES STATEMENT
Series statement Pennsylvania. Topographic and Geologic Survey. Bulletin W7
500 ## - GENERAL NOTE
General note At head of title: Pennsylvania Geologic Survey, fourth series.
650 #0 - SUBJECT ADDED ENTRY--TOPICAL TERM
Topical term or geographic name entry element Groundwater
Geographic subdivision Pennsylvania.
650 #0 - SUBJECT ADDED ENTRY--TOPICAL TERM
Topical term or geographic name entry element Water-supply
Geographic subdivision Pennsylvania.
710 2# - ADDED ENTRY--CORPORATE NAME
Corporate name or jurisdiction name as entry element Geological Survey (U.S.)
830 #0 - SERIES ADDED ENTRY--UNIFORM TITLE
Uniform title Bulletin W,
Volume/sequential designation 7.

No items available.

Powered by Koha